| Tag |
First Indicator |
Second Indicator |
Subfields |
| LEADER |
00000cam a2200000Ia 4500 |
| 001 |
in00002201039 |
| 005 |
20151104135701.0 |
| 008 |
781120s1775 enk 000 0 fre d |
| 029 |
1 |
|
|a NLGGC
|b 148776752
|
| 035 |
|
|
|a (OCoLC)ocm04385635
|
| 040 |
|
|
|a UCW
|e dcrb
|c UCW
|d OCL
|d UMC
|d TXA
|d UtOrBLW
|
| 049 |
|
|
|a TXAM
|
| 090 |
|
|
|a PQ2007.M6
|b A776 1775
|
| 100 |
1 |
|
|a Mercier, Louis-Sébastien,
|d 1740-1814.
|
| 245 |
1 |
0 |
|a Natalie :
|b drame en quatre actes /
|c par M. Mercier.
|
| 264 |
|
1 |
|a A Londres ;
|a Et se trouvé à Paris :
|b Chez Ruault ...,
|c 1775.
|
| 300 |
|
|
|a 4 unnumbered pages, 94 pages, 2 unnumbered pages ;
|c 21 cm. (octavo)
|
| 336 |
|
|
|a text
|b txt
|2 rdacontent
|
| 337 |
|
|
|a unmediated
|b n
|2 rdamedia
|
| 338 |
|
|
|a volume
|b nc
|2 rdacarrier
|
| 500 |
|
|
|a Signatures: pi², A-F².
|
| 500 |
|
|
|a Advertising: page [1] at end.
|
| 500 |
|
|
|a Final page blank.
|
| 590 |
|
|
|a One of the Cushing Library/Dawson French copies is bound with : Jean Hennuyer / Louis-Sebastien Mercier. [Londres : Ruault, 1775]--Brouette du vinaigrier / Louis-Sebastien Mercier. [Londres : Chez les libraire qui vendent les nouveautes, 1775].
|
| 910 |
|
|
|a tp3107
|
| 994 |
|
|
|a 02
|b TXA
|
| 999 |
|
|
|a MARS
|
| 999 |
f |
f |
|s 82e0f36f-18a0-37d7-a1bd-98245adb87e4
|i 61bd4561-6207-3400-94ab-5b53a1a8013e
|t 0
|
| 952 |
f |
f |
|p noncirc
|a Texas A&M University
|b College Station
|c Cushing Memorial Library & Archives
|d Cushing: Dawson French (Does not check out)
|t 0
|e PQ2007.M6 A642 1775
|h Library of Congress classification
|i unmediated -- volume
|
| 952 |
f |
f |
|p noncirc
|a Texas A&M University
|b College Station
|c Cushing Memorial Library & Archives
|d Cushing: Dawson French (Does not check out)
|t 0
|e PQ2007.M6 A776 1775
|h Library of Congress classification
|i unmediated -- volume
|
| 998 |
f |
f |
|a PQ2007.M6 A642 1775
|t 0
|l Cushing: Dawson French (Does not check out)
|
| 998 |
f |
f |
|a PQ2007.M6 A776 1775
|t 0
|l Cushing: Dawson French (Does not check out)
|